[Event "Almeria Sola Memorial-B 2nd"]
[Site "Almeria"]
[Date "2015.12.18"]
[Round "1"]
[White "Jimenez Tejada, Juan Jose"]
[Black "Perez Beltran, Salvador"]
[Result "1/2-1/2"]
[WhiteElo "1505"]
[BlackElo "1802"]
[PlyCount "85"]
[EventDate "2015.12.18"]
[EventType "swiss"]
[EventRounds "7"]
[EventCountry "ESP"]
[SourceTitle "CBM 170 Extra"]
[Source "ChessBase"]
[SourceDate "2016.02.25"]
[SourceVersion "1"]
[SourceVersionDate "2016.02.25"]
[SourceQuality "1"]

1. d4 Nf6 2. Bg5 e6 3. e4 h6 4. Bxf6 Qxf6 5. c3 d6 6. Nf3 e5 7. Be2 g6 8. 0-0 Bg7 9. d5 0-0 10. c4 a5 11. Nc3 Na6 12. a3 Bd7 13. Qc2 Qe7 14. Nd2 f5 15. f3 Qg5 16. Rfe1 h5 17. Rab1 Bh6 18. Rbd1 h4 19. Kh1 f4 20. Rg1 Kf7 21. h3 Bg7 22. Nf1 Nc5 23. b4 axb4 24. axb4 Na4 25. Rc1 Nxc3 26. Qxc3 Ra2 27. Rc2 Rfa8 28. Rxa2 Rxa2 29. Bd1 Bf8 30. b5 b6 31. Bb3 Ra8 32. Qb2 Bg7 33. Qc3 Ra7 34. Qe1 Ra3 35. Qc3 Ra8 36. Qe1 Ra3 37. Qc3 Qd8 38. Qb2 Ra8 39. Nd2 Qg5 40. Nf1 Ra5 41. Qb1 Ra8 42. Qe1 Ra3 43. Qc3 1/2-1/2